Normal view
MARC view
Entry Personal Name
001 - CONTROL NUMBER
- control field: 21460
003 - CONTROL NUMBER IDENTIFIER
- control field: OSt
005 - DATE AND TIME OF LATEST TRANSACTION
- control field: 20211202103531.0
008 - FIXED-LENGTH DATA ELEMENTS
- fixed length control field: 211202|| aca||aabn | a|a d
040 ## - CATALOGING SOURCE
- Original cataloging agency: OSt
- Transcribing agency: OSt
100 ## - HEADING--PERSONAL NAME
- Personal name: WOLK,H,J
670 ## - SOURCE DATA FOUND
- Source citation: Work cat.: (OSt)21103: WOLK,H,J, ACCOUNTING THEORY A CONCEPTUAL AND INSTITIUTIONAL APPEROCH, 1997